|
|
|
|
| LEADER |
01425nam a2200349 i 4500 |
| 001 |
40471 |
| 003 |
BD-DhAAL |
| 008 |
230309t2011 bg b 000 0 ben d |
| 010 |
|
|
|a 2013330700
|
| 020 |
|
|
|a 9789843324986
|
| 025 |
|
|
|a B-B-2013-330700; 12
|
| 037 |
|
|
|b Library of Congress -- New Delhi Overseas Office
|
| 040 |
|
|
|a DLC
|b eng
|e rda
|c DLC
|d DLC
|d BD-DhAAL
|
| 042 |
|
|
|a lcode
|
| 050 |
0 |
0 |
|a PK1701
|b .R268 2011
|
| 082 |
|
|
|a 891.4409
|2 23
|
| 100 |
1 |
|
|a রফিক, আহমদ
|
| 240 |
1 |
0 |
|a Essays.
|k Selections
|
| 245 |
1 |
0 |
|a শ্রেষ্ঠ প্রবন্ধ /
|c আহমদ রফিক.
|
| 246 |
3 |
1 |
|a Shreshtho probondho
|
| 250 |
|
|
|a First edition.
|
| 264 |
|
1 |
|a ঢাকা :
|b গদ্যপদ্য,
|c ২০১১.
|
| 300 |
|
|
|a ২৯৬ পৃষ্ঠা ;
|c ২২ সে.মি.
|
| 504 |
|
|
|a গ্রন্থপঞ্জিগত নির্দেশিকা অন্তর্ভুক্ত।
|
| 520 |
|
|
|a Selected essays chiefly on Bengali literature.
|
| 541 |
|
|
|a Donated By Akbar Ali Khan
|e 40471
|
| 546 |
|
|
|a In Bengali.
|
| 650 |
|
0 |
|a Bengali literature
|x History and criticism.
|
| 852 |
|
|
|a Ayesha Abed Library
|c Akbar Ali Khan Collection
|
| 942 |
|
|
|2 ddc
|c BK
|
| 999 |
|
|
|c 45577
|d 45577
|
| 952 |
|
|
|0 0
|1 0
|2 ddc
|4 0
|6 891_440900000000000_RAF
|7 1
|9 73355
|a BRACUL
|b BRACUL
|c AAKC
|d 2023-03-09
|e Donated By Akbar Ali Khan
|g 380.00
|l 0
|o 891.4409 RAF
|p 3010040471
|r 2023-03-09
|t 1
|w 2023-03-09
|y BK
|